| 000 | 01095nam0a2200289 4500 | ||
|---|---|---|---|
| 001 | RU\NLR\bibl\1775875 | ||
| 005 | 20250616133204.0 | ||
| 010 |
_a978-5-699-41944-9 _95000 |
||
| 021 |
_aRU _b2011-13009 _9235д/11 |
||
| 035 | _a(NLR Aleph) 001766641 | ||
| 090 |
_a1611774 _c1611774 |
||
| 100 | _a20110603d2011 |||y0rusy50 ca | ||
| 101 | 0 | _arus | |
| 102 | _aRU | ||
| 105 | _aa ||||||||| | ||
| 200 | 1 |
_aВыбираем цвет для сада _e[растения в разной цветовой гамме. Цветовые комбинации на любой вкус. Популярные приемы сочетания растений] |
|
| 210 |
_aМосква _cЭксмо _d2011 |
||
| 215 |
_a46, [1] с. _cцв. ил. _d22 |
||
| 225 | 1 | _aЦветы в саду и на окне | |
| 606 | 1 |
_aЦветочные культуры _xАссортимент по цветовой гамме _92618366 _3RU\NLR\auth\661554926 |
|
| 686 | _aП274,1 | ||
| 801 | 0 |
_aRU _bNLR _c20110603 _gRCR |
|
| 801 | 1 |
_aRU _bNLR _c20110603 |
|
| 942 | _cBOOK | ||
| 980 | _aNB | ||
| 980 | _aNBR | ||